000 00780nam a22002057a 4500
999 _c10705
_d10705
003 AR-CdUCM
008 190401b ||||| |||| 00| 0 spa d
040 _aMUNICIPALIDAD PROVINCIAL DEL CUSCO
_cBIBLIOTECA MUNICIPAL DEL CUSCO
082 _a100 /
_bM64 / 1934
100 _aMiro Quesada, Oscar
_922976
245 _aLo que es la filosofía /
260 _aLima :
_bTorres Aguirre,
_c1934.
300 _a59 páginas ;
_c17 cm.
505 _aContenido: El filosofo como moralista, el filosofo como pensador -- Origen del conocimiento, El conocimiento científico -- La ciencia -- Análisis y síntesis, el punto de vista humano ...
650 _aCiencia
_92098
650 _aFilosofía
_9395
650 _aConocimiento filosófico
_927695
942 _2ddc
_cLIBROS
945 _aacv